Steam Tables in SI Units & Gas Tables for Compressible Flow (Record no. 6948)

MARC details
000 -LEADER
fixed length control field 00408nam a2200145Ia 4500
008 - FIXED-LENGTH DATA ELEMENTS--GENERAL INFORMATION
fixed length control field 221030s9999 xx 000 0 und d
041 ## - LANGUAGE CODE
Language code of text/sound track or separate title
082 ## - DEWEY DECIMAL CLASSIFICATION NUMBER
Classification number 105.23
Item number Kot
100 ## - MAIN ENTRY--AUTHOR NAME
Personal name C. P. Kothandaraman
245 #0 - TITLE STATEMENT
Title Steam Tables in SI Units & Gas Tables for Compressible Flow
Statement of responsibility, etc by C. P. Kothandaraman
260 ## - PUBLICATION, DISTRIBUTION, ETC. (IMPRINT)
Name of publisher Dhanpat Rai Pub
Place of publication New Delhi
Year of publication 1994
300 ## - PHYSICAL DESCRIPTION
Number of Pages 56
650 ## - SUBJECT ADDED ENTRY--TOPICAL TERM
Topical Term Mechanical
942 ## - ADDED ENTRY ELEMENTS (KOHA)
Koha item type Books
Holdings
Accession Number Cost, normal purchase price Full call number Price effective from Koha item type Withdrawn / writtenoff status Materials specified (bound volume or other part) Damaged status Not for loan Permanent Location Current Location Shelving location Date acquired Lost/ Missing status department
BE 2847 20.00 105.23 Kot 10/30/2022 Books   Print   Not For Loan MIET Library, Jammu MIET Library, Jammu BL-Second, FL-1, CUP-71, SH-1, R-1 03/10/2001   BE
BE 2848 20.00 105.23 Kot 10/30/2022 Books   Print   Not For Loan MIET Library, Jammu MIET Library, Jammu BL-Academic Block C, FL-2, CUP-4, SH-1, R-1 03/10/2001   BE
BE 2849 20.00 105.23 Koth 10/30/2022 Books   Print     MIET Library, Jammu MIET Library, Jammu BL-Academic Block C, FL-2, CUP-4, SH-1, R-1 03/10/2001   BE
BE 2850 20.00 105.23 Kot 10/30/2022 Books   Print     MIET Library, Jammu MIET Library, Jammu BL-Academic Block- C, FL-2, CUP-4, SH-1, R-1 03/10/2001   BE
BE 2851 20.00 105.23 Kot 10/30/2022 Books   Print     MIET Library, Jammu MIET Library, Jammu BL-Academic Block- C, FL-2, CUP-4, SH-1, R-1 03/10/2001   BE
BE 2852 20.00 105.23 Kot 10/30/2022 Books   Print     MIET Library, Jammu MIET Library, Jammu BL-Academic Block- C, FL-2, CUP-4, SH-1, R-1 03/10/2001   BE
BE 2853 20.00 105.23 Kot 10/30/2022 Books   Print     MIET Library, Jammu MIET Library, Jammu BL-Academic Block- C, FL-2, CUP-4, SH-1, R-1 03/10/2001   BE
BE 2854 20.00 105.23 Kot 10/30/2022 Books   Print     MIET Library, Jammu MIET Library, Jammu BL-Academic Block- C, FL-2, CUP-4, SH-1, R-1 03/10/2001   BE
BE 2855 20.00 105.23 Kot 10/30/2022 Books   Print     MIET Library, Jammu MIET Library, Jammu BL-Academic Block- A, FL-1, CUP-4, SH-1, R-1 03/10/2001   BE
BE 2856 20.00 105.23 Kot 10/30/2022 Books   Print     MIET Library, Jammu MIET Library, Jammu BL-Academic Block- C, FL-2, CUP-4, SH-1, R-1 03/10/2001   BE